[Event "Ismailia Misr 2nd"]
[Site "Ismailia"]
[Date "2004.08.18"]
[Round "3"]
[White "Ezat, Mohamed Mahmoud"]
[Black "Karpatchev, Aleksandr"]
[Result "1-0"]
[WhiteElo "2395"]
[BlackElo "2484"]
[Annotator "Marin,M"]
[PlyCount "205"]
[EventDate "2004.08.16"]
[EventType "tourn"]
[EventRounds "11"]
[EventCountry "EGY"]
[EventCategory "10"]
[SourceTitle "CBM 103"]
[Source "ChessBase"]
[SourceDate "2004.11.11"]
[SourceVersion "1"]
[SourceVersionDate "2004.11.11"]
[SourceQuality "1"]

1. d4 d5 2. c4 Nc6 3. Nf3 Bg4 4. Nbd2 e6 5. a3 Bxf3 6. Nxf3 dxc4 7. e4 Na5 8.
Bxc4 Nxc4 9. Qa4+ c6 10. Qxc4 Nf6 11. Qc2 Be7 12. O-O O-O 13. Bg5 a5 14. Rad1
a4 15. Rfe1 h6 16. Bh4 Qa5 17. d5 Qc5 18. Qb1 Rfe8 19. dxe6 fxe6 20. Qa2 Bd8
21. Nd4 Qh5 22. Bg3 Ba5 23. Rf1 Nxe4 24. Nf3 Nf6 25. Qc4 Bb6 26. Qb4 Qc5 27.
Qh4 Nd5 28. Be5 Qe7 29. Qg4 Qf7 30. Rfe1 Bd8 31. Rd4 b5 32. Qg3 Bf6 33. Rg4 Ra7
34. Rg6 Kh7 35. Rg4 c5 36. Bxf6 Nxf6 37. Ne5 Qh5 38. Rf4 c4 39. Qe3 Rc7 40. g3
Nd5 41. Qe4+ Kg8 42. Rf3 Qg5 43. h4 Qe7 44. Qg6 Rf8 45. Rxf8+ Kxf8 46. Qh7 Qf6
47. Qh8+ Ke7 48. Qb8 Qf5 49. Qxb5 Qc2 50. Nf3 Qd3 51. Kg2 Nf6 52. Qxa4 Qd5 53.
Re5 Qb7 54. Qb4+ Qxb4 55. axb4 Kd6 56. Ra5 Rb7 57. Ra6+ Kd5 58. Ra5+ Kd6 59.
Ra4 Nd5 60. Ra6+ Rb6 61. b5 Kc5 62. Ne5 Kxb5 63. Ra7 Nb4 64. Rc7 Nc6 65. Nd7
Ra6 66. Rb7+ Ka5 67. Rc7 Kb4 68. Rb7+ Ka5 69. Rc7 Kb4 70. Kf1 Ra7 71. Rxc6 Rxd7
72. Rb6+ Kc5 73. Rxe6 Rb7 74. Re2 Kb4 75. Ke1 Kb3 76. Kd1 Ra7 77. Rc2 Ra1+ 78.
Rc1 Ra4 79. Rc2 Ra1+ 80. Kd2 Rf1 81. Rc3+ Kxb2 82. Rxc4 Rxf2+ 83. Ke3 Rf7 {
In spite of the material equality and of the reduced number of pawns remained
on board, Black's position is critical. His king is completely out of play,
which makes White's plan to start a combined attack against the g7-pawn very
dangerous. However, this is not so easy to put in practice, especially under
the pressure of time. The black rook can be quite effective as a multi purpose
piece: defend the pawns and create a barrier in front of the enemy king.  
Trotz des materiellen Gleichgewichts und der reduzierten Bauernzahl auf dem
Brett ist die Stellung des Nachziehenden kritisch. Sein König steht vollkommen
abseits, was den weißen Plan, einen kombinierten Angriff auf den Bauern g7 zu
starten, sehr gefährlich macht. Dieser ist allerdings nicht so leicht in die
Praxis umzusetzen, vor allem unter dem Druck der Uhr. Der schwarze Turm kann
als Mehrzweckfigur ziemlich effektiv sein: bei der Verteidigung der Bauern und
der Errichtung einer Barriere vor dem feindlichen König.} 84. Ke4 Kb3 85. Rc6
Kb4 86. g4 $6 {A careless move, allowing Black to improve his position. Ein
unvorsichtiger Zug, der Schwarz erlaubt, seine Stellung zu verbessern.} ({
Before anything else, White should have blocked black's main weakness with
Bevor er irgendetwas anderes unternimmt, hätte Weiß die schwarze Hauptschwäche
blockieren sollen, mit} 86. h5 $1 {for instance , zum Beispiel} Kb5 87. Rc2 Kb6
88. g4 Rf6 89. Ke5 {[%cal Yc2c8,Yc8g8]} Kb7 {[%csl Yc8]} (89... Kb5 90. Rc7 $18
) (89... Rf7 90. Rc8 $18) 90. Rc3 Rf7 (90... Kb6 {[%csl Rc8]} 91. Rc8 Rf2 92.
Rg8 Rf7 93. Ke6 Ra7 94. Kf5 Ra5+ 95. Kg6 Rg5+ 96. Kh7 Rxg4 97. Rxg7 $18) 91.
Rc4 $22 Kb6 (91... Rf2 92. Rf4 {[%cal Yf4f7]} Re2+ 93. Kf5 Re7 94. Kg6 $18 Kc6
95. Rf7 Re4 96. Rxg7 Rxg4+ 97. Kxh6 {#28}) 92. Rc8 $18 {[%csl Rg7][%cal Yc8g8,
Ye5e6]} (92. Rf4 $6 Ra7 93. Ke6 {[%cal Yf4f7]} Ra5 $1 94. Rf5 Ra4 95. g5 hxg5
96. Rxg5 Ra7 97. Kf5 Kc6 98. Kg6 Kd6 99. Kh7 Ke6 100. Rg6+ Kf5 101. Rxg7 Ra8
$11)) 86... Kb5 {Preparing the next move. Bereitet den nächsten Zug vor.} ({
The immediate Das sofortige} 86... g5 {would have failed to hätte nichts
gefruchtet wegen} 87. Rxh6 Rf4+ 88. Ke5 Rxg4 89. h5 $18) 87. Rc1 $2 {Keeping
the enemy king cut far away from the main theater of events, but completely
missing the next move. Hält den feindlichen König weit vom Hauptgeschehen
entfernt, übersieht aber völlig den nächsten Zug.} ({Some practical chances
would have offered Einige praktische Chancen geboten hätte} 87. Rg6 $5 {
although it looks like Black should be able to defend: , obwohl es scheint,
als ob Schwarz sich halten können sollte:} Kc5 88. Ke5 Rb7 89. h5 Rf7 90. Ra6
Kc4 $1 {[%csl Yg4][%cal Rc4d3,Rd3f3,Rf3g4]} (90... Rf8 91. Ra7 $18) (90... Re7+
91. Kf5 Kd5 92. Kg6 Ke5 93. Kh7 Kf4 94. Rg6 $18) 91. Ra8 (91. Ra4+ Kd3 92. Rf4
Rxf4 93. Kxf4 Ke2 $11) 91... Kd3 92. Rg8 Ke3 93. Ke6 Rb7 94. g5 $11 (94. Kf5 $6
Kf3 $1 $15 95. Kg6 Kxg4 96. Rd8 Rb6+ 97. Kxg7 Kxh5 $11 {5 pieces CD CD
Fünfsteiner})) ({White still had a winning plan available: Dennoch stand Weiß
ein Gewinnplan zur Verfügung:} 87. Re6 $1 Kc5 88. g5 h5 (88... hxg5 89. hxg5
Rf1 (89... Ra7 90. Kf5 $18 {[%csl Rg7][%cal Ye6e8,Ye8g8,Yf5g6]}) 90. Ke5 Rf2
91. Rg6 (91. Re7 $4 Re2+) 91... Rf7 92. Ra6 Rb7 93. Kf5 Kd5 (93... Kd4 94. Re6
$1 {[%csl Rg7][%cal Yf5g6,Ye6e8,Ye8g8,Yg8g7]}) 94. Ra8 Re7 95. Rg8 Kd4 96. Kg6
$18) 89. Ra6 (89. g6 Rb7 90. Kf5 Kd4 91. Re2 Rb5+ 92. Ke6 Rb7 93. Rf2 Ke4 $1
$11 94. Rf8 Ra7 95. Re8 Ra6+ 96. Kf7+ Kf5 $17) 89... Kb5 (89... Kc4 90. Rc6+
Kb5 91. Rc8 $18 {[%csl Yb5,Rg7]}) 90. Ra8 Kc6 91. Ke5 Kd7 92. Rg8 $22 Ke7 (
92... Kc6 93. Ke6 Rf4 94. Rxg7 Rxh4 95. Rh7 Rh1 96. g6 $18) (92... Re7+ 93. Kf5
Kd6 94. Kg6 $18) 93. g6 Rf1 94. Rxg7+ Kf8 95. Rh7 Kg8 (95... Rh1 96. Kf6 $18)
96. Rxh5 Kg7 97. Rg5 {[%cal Yh4h5,Ye5e4,Rg5c5,Rc5c7]} Re1+ 98. Kf4 Rf1+ 99. Ke3
Re1+ 100. Kf2 Rh1 101. h5 Rh3 102. Kg1 $22 {Averbakh} Rh4 103. Kg2 Kg8 104. Ra5
$18) 87... g5 88. hxg5 hxg5 89. Kd5 Rd7+ $4 $18 {Players must have been very
tired already by this moment, but this move is hard to explain anyway. I even
suspect an input error. Die Spieler müssen zu diesem Zeitpunkt bereits sehr
müde gewesen sein, dennoch ist dieser Zug schwer zu erklären. Ich vermute
einen Eingabefehler.} (89... Rf4 $11 {would have created a very effective
barrier in front of the enemy king. hätte eine sehr effektive Barriere vor dem
feindlichen König errichtet.}) 90. Ke6 Rd4 (90... Rg7 91. Kf6 Rg8 92. Re1 Kc6
93. Re5 Kd6 94. Rxg5 {5 pieces CD CD Fünfsteiner} Rf8+ 95. Kg7 Rf4 96. Rg6+ Ke7
97. g5 Rf5 98. Kh7 Re5 99. Rg8 $18 {[%cal Yg5g6,Rg8a8]}) 91. Kf5 Rd5+ 92. Kg6
Kb6 93. Rf1 Kc6 94. Rf5 Rd4 (94... Rd8 95. Kxg5 {5 pieces CD CD Fünfsteiner}
Rg8+ 96. Kf4 Kd6 97. g5 Ke7 (97... Rg6 {[%csl Yf6]} 98. Kg4 $18 {[%csl Yg6]}) (
97... Ke6 98. Rf6+ Ke7 99. Kf5 Rh8 (99... Rg7 100. g6 $18 {[%cal Yf6a6]}) 100.
Kg6 $18) 98. Kg4 Rf8 99. g6 $1 Rxf5 100. Kxf5 Kf8 101. Kf6 Kg8 102. g7 $18) 95.
Kxg5 {5 pieces CD #31 CD Fünfsteiner #31} Kd6 96. Kh5 Ke6 97. Rf1 Rd8 98. g5
Rh8+ 99. Kg6 Rg8+ 100. Kh6 Rh8+ 101. Kg7 Rh2 102. g6 Rh3 103. Re1+ 1-0

[Event "Metz op 31th"]
[Site "Metz"]
[Date "2013.04.21"]
[Round "2"]
[White "Lagarde, Maxime"]
[Black "Philippe, Christophe"]
[Result "0-1"]
[WhiteElo "2532"]
[BlackElo "2384"]
[Annotator "Metz Alekhine/Primel,D"]
[PlyCount "62"]
[EventDate "2013.04.20"]
[EventType "swiss"]
[EventRounds "9"]
[EventCountry "FRA"]
[SourceTitle "EXT 2016"]
[Source "ChessBase"]
[SourceDate "2015.10.08"]
[SourceVersion "1"]
[SourceVersionDate "2015.10.08"]
[SourceQuality "1"]
[TimeControl "40/5400:1800+30"]
[WhiteClock "1:30:00"]
[BlackClock "1:30:00"]

1. d4 d5 2. c4 Nc6 {Le MI qui double les Noirs rejoue sa défense de la 1ère
ronde mais il aurait du perdre cette partie.} 3. e3 (3. Nc3 $1 {Plus simple à
jouer pour les Blancs} dxc4 4. d5 (4. Nf3 Nf6 5. Bg5 {Bauche,T (1978)-Philippe,
C (2384) Op 31th Metz 2013 (1.21) 0-1} (5. e4 Bg4 6. d5 Ne5 7. Bf4 Ng6 8. Be3
e5 9. Bxc4 $14)) 4... Ne5 5. f4) 3... e5 4. Nf3 (4. dxe5 d4 $13) 4... Bg4 5.
Be2 $6 {Une ligne trés compliquée mais assez douteuse} (5. Qb3 $142 Bxf3 6.
gxf3 Bb4+ 7. Bd2 Bxd2+ 8. Nxd2 exd4 9. cxd5 dxe3 10. fxe3 Qh4+ 11. Kd1 Nd8 {
le K Blanc est déroqué mais les Blancs ont le centre et un B supérieur au N}
12. Rc1 $14 {Hoelzl,F (2364)-Kuba,G (2406) AUT-chT 0506 2005 (1) 1-0} (12. Qc4
Qf2)) 5... e4 $1 (5... Bb4+ 6. Nc3) 6. Nfd2 Bxe2 7. Qxe2 (7. Kxe2 $13 {Socko,M
(2310)-Belic,J (2295) BL 9596 (Women) 1995 1/2}) 7... Nb4 8. O-O Nc2 $40 9. Nc3
$146 (9. Nxe4 Nxa1 10. cxd5 Qxd5 11. Nbc3 Qd7 12. Qd3 O-O-O 13. Bd2 f5 14. Ng5
h6 15. Nf3 Bd6 16. Rxa1 g5 17. Rc1 g4 18. Nh4 Ne7 19. Nb5 Kb8 20. Ba5 Rc8 21.
Qb3 f4 22. e4 a6 23. Nc3 Nc6 24. Qd5 b6 25. Ng6 Rhd8 26. b4 bxa5 27. bxa5 Bb4
28. Rb1 Qxd5 29. exd5 Ka8 30. dxc6 Bxc3 {0-1 (30) Karolyfalvi,Z (2206)-Nemeth,
M (2375) Miskolc 2004}) 9... Nxa1 10. cxd5 {[%csl Re8][%cal Gd2e4]} Nf6 11. f3
$1 $32 {[%csl Re8] Pour justifier le sacrifice de qualité, les Blancs doivent
tenter d'accentuer l'avance de développement} exf3 12. Qb5+ Qd7 13. Qxb7 Rd8
14. Nxf3 Bd6 (14... c5 $5 {[%cal Gd7b7] Pose davantage de problèmes aux Blancs
} 15. Qa6 Bd6 16. e4 O-O 17. e5 cxd4 18. Nb5 Nxd5 19. Nxd6 Nc2 $17 {[%cal
Gc2e3] Le Na1 doit pouvoir sortir}) 15. e4 {[%cal Ge4e5]} O-O 16. e5 Nc2 17.
exf6 Rfe8 18. fxg7 (18. Ne5 Bxe5 19. dxe5 Rxe5 20. fxg7) 18... Nxd4 $1 19. Qxa7
(19. Nxd4 Bc5) 19... Nxf3+ 20. gxf3 Qh3 $36 {[%csl Rg1][%cal Ge8e5,Ge5h5] Les
deux K sont exposés mais il n'est pas facile pour les Noirs d'amener des R à
l'aile-roi} (20... Bxh2+ $5 21. Kxh2 Qd6+ 22. Kh1 Qg3 23. Ne4 (23. Qf2 Qh3+)
23... Rxe4 $1 24. fxe4 Qh3+ 25. Kg1 Qg3+ {Forçant la nulle}) 21. Qf2 f5 $1 (
21... Re5 22. Bf4) 22. Qg2 Qh5 23. Bg5 $6 (23. Nb5) 23... Bxh2+ $40 24. Kf2 Rb8
25. b3 Be5 (25... f4 {[%cal Gh2g3]}) 26. Ne2 Bd6 27. Rh1 Qg6 28. Rh6 Bc5+ (
28... Qxg7) 29. Ke1 $2 (29. Kf1 $142 {Evite le vis-à-vis avec la Re8}) 29...
Qxg7 30. Qg3 Rb6 31. Rxb6 Bxb6 0-1

[Event "Keres Memorial"]
[Site "Tallinn/Parnu"]
[Date "1998.06.25"]
[Round "5"]
[White "Lautier, Joel"]
[Black "Yermolinsky, Alex"]
[Result "1/2-1/2"]
[WhiteElo "2645"]
[BlackElo "2660"]
[Annotator "Meulders,R"]
[PlyCount "55"]
[EventDate "1998.06.19"]
[EventType "tourn"]
[EventRounds "9"]
[EventCountry "EST"]
[EventCategory "15"]
[SourceTitle "CBM 066"]
[Source "ChessBase"]
[SourceDate "1998.09.30"]
[SourceVersion "1"]
[SourceVersionDate "1998.09.30"]
[SourceQuality "1"]

1. d4 d5 2. c4 Nc6 3. cxd5 Qxd5 4. e3 e5 5. Nc3 Bb4 6. Bd2 Bxc3 7. Bxc3 {
Meulders: Lange Zeit hat man hier ausschießlich mit dem Bauer zurückgenommen.
Es hieß man bekäme sonst einen Isolani auf d4. Ein taktischer Witz (Qd5 hängt)
erlaubt Weiß jedoch mit einer Figur zurück zu nehmen.} exd4 8. Ne2 Nge7 (8...
Bg4 $5 {ist die Alternative, z.B.} 9. f3 Be6 (9... Bxf3 10. gxf3 Qxf3 11. Nxd4
(11. Bxd4 $5 Nxd4 $1 12. Qxd4 Qxh1 13. Qxg7 O-O-O $1 14. Qxh8 Qxh2 15. Qg7 $8
Qh4+ 16. Qg3 Qb4+ 17. Kf2 Qxb2 18. Rc1 Qb6 $13) 11... Qxh1 12. Nxc6 Nf6 $1 (
12... Qxh2 $5 13. Qg4 Nf6 14. Qxg7 $1 Qh4+ 15. Kd1 Rg8 16. Qxf6 Qxf6 17. Bxf6
bxc6 18. Rc1 $14) (12... bxc6 13. Bxg7 Qxh2 14. Qf3 Ne7 15. Bxh8 Rd8 16. Bc3
Rd5 17. e4 Qh4+ 18. Ke2 Rd6 19. Bh3 Qg5 20. Rf1 Qg6 21. Bf5 Nxf5 22. Qxf5 Re6
23. Qxg6 hxg6 24. Kf3 c5 25. e5 Ra6 26. a3 Ra4 27. Rd1 c6 28. Rd6 Ra6 29. Bd2
Rb6 30. Bg5 f6 31. Bxf6 Kf7 32. Rd2 Ke6 33. Ke4 a5 34. Rd6+ Kf7 35. Rd7+ Ke8
36. e6 {1-0 Krallmann,M-Heisel,G/NRW-Liga II 1997/NRW-II}) 13. Na5 $5 Qxh2 14.
Qa4+ c6 15. Nxb7 $1 (15. O-O-O $1 O-O (15... Qh6 16. Nxb7 O-O 17. Nd6 Nd5 18.
Nf5 Qg5 19. Rxd5 cxd5 20. Qd4 Rfe8 21. Qxg7+ Qxg7 22. Bxg7 Rxe3 23. Nxe3 Kxg7
24. Nxd5 h5 25. Nf4 h4 26. Kd2 {1/2-1/2 Koniushkov,I-Dubinsky,R/RUS-Cup8 1997/
EXP 58}) 16. Bxf6 gxf6 17. Nxb7 (17. Bd3 Rfe8 18. Qg4+ Kh8 19. Qf3 Qh4 20. Nc4
Rg8 21. Nd6 Rg3 22. Qf2 Rg4 23. Qxh4 Rxh4 24. Rg1 Rf8 25. Bc4 Rxc4+ 26. Nxc4
Rd8 27. Kc2 Rd5 28. e4 Rd4 29. Kc3 Rd7 30. Ne3 h6 31. Ng4 Rd6 32. Nxh6 Kh7 33.
Nf5 Rd7 34. Rg2 Kh8 35. Rd2 Rxd2 36. Kxd2 Kh7 37. Nd6 Kg7 38. Nxb7 f5 39. Ke3 {
1-0 Pereyra Arcija,D-Myc,M/WchJM U20 1997/EXP 59}) 17... Rab8 18. Ba6 Qe5 19.
Qa3 $1 $16 Rfe8 $6 (19... Rbe8 20. Rd3 Kh8 21. Nd6 $16) 20. Rg1+ Kh8 21. Nd6
Re7 (21... Qxe3+ $4 22. Qxe3 Rxe3 23. Nxf7# {mate}) 22. Bc4 Rg8 $2 $138 (22...
Rf8 $8 23. Rh1 $1 Rd7 24. Qd3 f5 25. Qxf5 Qxf5 26. Nxf5 $16) 23. Nxf7+ $1 $18
Rxf7 24. Rxg8+ Kxg8 25. Qxa7 Qe8 26. a4 h5 27. Kd2 h4 28. Ke2 h3 {1-0 San
Segundo,P-Gallego,V/Anibal op4th 1997/CBM 58/[Cifuentes,R]}) (15. Nxc6 $2 Qg3+
16. Ke2 Qh2+ $11) 15... Qg3+ 16. Kd2 O-O 17. Qxc6 $1 Rac8 (17... Rfe8 $1 18.
Bd4 Ne4+ 19. Kd3 Rac8 20. Qd7 Qg6 $1 21. Ke2 $8 Rc2+ 22. Kd1 Rec8 23. Bc3 Nxc3+
24. bxc3 R2xc3 $19) 18. Qg2 Qc7 $140 $2 19. Bxf6 Qc2+ 20. Ke1 Qxg2 21. Bxg2
gxf6 22. Rd1 $16) (9... Rd8 10. Nxd4 Nxd4 $4 11. Qxd4 Qe6 $2 12. Qxg4 Qxe3+ 13.
Be2 Ne7 14. Qa4+ b5 15. Qxb5+ c6 16. Qe5 Qb6 17. Ba5 {1-0 Mastrokoukos(2385)
-Botsari(2355) Greek League(05)1996}) (9... Bd7 10. Nxd4 f6 11. Qb3 Qxb3 12.
Nxb3 b6 13. O-O-O O-O-O 14. Ba6+ Kb8 15. Rd2 Nge7 16. Rhd1 Be6 17. e4 h5 18.
Kc2 Ng6 19. Nd4 Nxd4+ 20. Rxd4 Rxd4 21. Rxd4 Ne5 22. h4 Nf7 23. b3 c5 24. Rd3
Kc7 25. f4 Re8 26. Kb2 Bg4 27. Re3 Nd6 28. e5 Nf5 29. Re1 Nxh4 30. exf6 Rxe1
31. Bxe1 Ng6 32. fxg7 {1-0 Tunik,G-Sepman,Y/RUS-Cup1 Chigorin mem 1996/EXP 56})
10. Nxd4 Nxd4 (10... O-O-O 11. Qa4 $1 Nge7 12. Nxc6 Nxc6 13. Bb5 {Mastrokoukos,
Tzermiadianos,And} a6 $2 14. Bxc6 Qxc6 15. Qxc6 bxc6 16. Bxg7 Rhg8 17. Bf6 Rd3
18. Rg1 Rxe3+ 19. Kd2 $18) 11. Qxd4 (11. Bxd4 f6 12. Qa4+ Bd7 13. Qc2 Qc6 14.
Qd2 Qd6 15. Rc1 Rc8 16. b4 Ne7 17. Bd3 Bf5 18. e4 Rd8 19. Rd1 Qe6 20. O-O Bg6
21. Qc3 Qc6 22. Qb2 O-O 23. Bc5 Rfe8 24. Bc4+ Kf8 25. Bd5 Qd7 26. b5 Qc8 27.
Qa3 Rxd5 28. Rxd5 b6 29. Bxe7+ Rxe7 30. Rfd1 Kf7 31. Qxa7 Qe6 32. Qa4 h5 33.
Qb3 h4 34. R5d3 Qxb3 35. Rxb3 Bh5 36. Rc1 h3 37. Rbc3 Re5 38. a4 Rg5 39. g4
Bxg4 40. fxg4 Rxg4+ 41. Rg3 {1-0 Botsari Miladinovic,A-Baloutsou,V/GRE-chW
1996/EXT 96ch2}) 11... Qxd4 12. Bxd4 f6 13. Kf2 $14 (13. Rc1 c6 14. a4 (14. Bc4
Kf7 15. a4 Ne7 16. a5 Rhd8 17. Ke2 Bxc4+ 18. Rxc4 Rd5 19. Ra1 Rad8 20. Rc2 a6
21. Bc3 Nf5 22. g4 Ne7 23. e4 Rd3 24. Rd2 Rxd2+ 25. Bxd2 Ke6 26. f4 Nc8 27. Bc3
Re8 28. Rd1 Nd6 29. f5+ Kd7 30. e5 fxe5 31. Bb4 {1-0 Ellers,H-Peredy,F/
Budapest FS03 IM-B 1997/EXP 57}) 14... Ne7 15. a5 Kf7 16. Kf2 Rhd8 17. Be2 Nf5
18. Bc3 Rac8 19. g4 Ne7 20. Bd4 a6 21. h4 f5 22. gxf5 Nxf5 23. Bc3 Rd7 24. h5
Re8 25. Rhg1 Kg8 26. Rcd1 Rxd1 27. Bxd1 Re7 28. Bc2 Rf7 29. Rd1 Rd7 30. Bb3 Re7
31. Bxe6+ Rxe6 32. Rd8+ Kf7 33. e4 {1-0 Hillarp Persson,T-Wallin,P/Rilton
Cup96/97 1996/EXP 57}) 13... Ne7 14. e4 Kf7 15. Be2 Nc6 16. Be3 Rhd8 17. Rhc1
Rac8 18. b3 Nd4 19. Bc4 $14) 9. Nxd4 Nxd4 (9... O-O 10. Nxc6 Qxc6 11. Qd4 Qg6
12. Bd3 (12. O-O-O Nc6 13. Qf4 Bf5 14. Qg3 Qh6 15. Bb5 Rfe8 16. Bxc6 bxc6 17.
Rd4 {1/2-1/2 Haritakis,T-Miladinovic,I/Aegina op 1996/EXT 96op2}) 12... Bf5 13.
Bxf5 Nxf5 14. Qf4 Nd6 15. O-O Rfe8 16. Rfd1 Re4 17. Qf3 Rae8 18. Rd5 c6 19. Rd3
h5 20. Rad1 R8e6 $14 {Nikolaidis,K-Miladinovic,I/Aegina op 1996/EXT 96op2/0-1 
(58)}) 10. Qxd4 Qxd4 11. Bxd4 f6 {Meulders: Auf Grund des Laüferpaars steht
Weiß um eine Kleinigkeit besser.} 12. Be2 Be6 13. O-O Kf7 14. Bh5+ {Meulders:
Weiß versucht die schwarze Bauernstruktur etwas locker zu machen, weil dann
seine Laüfer etwas mehr Raum haben.} g6 15. Bf3 c6 16. Rfc1 h5 17. Be2 (17. b4
$5 Bg4 (17... Bd5 18. e4 Be6 19. a4 Rhd8 20. Bc5 f5 21. Kf1 fxe4 22. Bxe4 $14)
18. Bxg4 hxg4 19. a4 Rhd8 20. b5 a6 21. bxc6 Nxc6 22. Bb6 Rd3 23. Rd1 Rxd1+ 24.
Rxd1 Ke6 $14) 17... Rhd8 18. b4 Nf5 19. Bc3 Rd7 20. a4 a6 21. Kf1 (21. b5 axb5
22. axb5 Rxa1 23. Rxa1 cxb5 (23... c5 24. Kf1 (24. b6 $6 Rd6 25. Rb1 Bd5 26.
Rb5 Rc6 27. Bd2 Nd6 28. Rb1 Nc4 $15) 24... Nd6 25. Ke1 Ne4 26. Ba5 $11) 24.
Bxb5 Rc7 25. Ba5 $14) 21... Nd6 22. Rd1 Rad8 23. Ke1 Nf5 24. Rxd7+ Rxd7 25. b5
axb5 26. axb5 c5 27. Rd1 (27. Ra8 Nd6 28. f3 Bc4 29. b6 $11) 27... Rxd1+ 28.
Kxd1 (28. Kxd1 Nd6 29. Ba5 Bc4 30. Bf3 Bxb5 31. Bb6 c4 32. Bc5 Ke6 33. Bxd6
Kxd6 34. Bxb7 $11) 1/2-1/2